500 giải đáp y học theo yêu cầu bạn đọc

Đã lưu trong:
書目詳細資料
主要作者: Lê Trọng Bổng
格式: 圖書
語言:Undetermined
出版: H. Thế Giới 2003
主題:
標簽: 添加標簽
沒有標簽, 成為第一個標記此記錄!
Thư viện lưu trữ: Trung tâm Học liệu Trường Đại học Cần Thơ
LEADER 00557nam a2200193Ia 4500
001 CTU_59243
008 210402s9999 xx 000 0 und d
020 |b 65000 
082 |a 613.042 
082 |b B455 
100 |a Lê Trọng Bổng 
245 0 |a 500 giải đáp y học theo yêu cầu bạn đọc 
245 0 |c Lê Trọng Bổng 
260 |a H. 
260 |b Thế Giới 
260 |c 2003 
650 |a health promotion,medical care,hygiene, public 
904 |i Minh 
980 |a Trung tâm Học liệu Trường Đại học Cần Thơ